| 000 | 00510nam a2200181Ia 4500 | ||
|---|---|---|---|
| 003 | OSt | ||
| 005 | 20240703163821.0 | ||
| 008 | 210210b1954 xxu||||| |||| 00| 0 eng d | ||
| 040 | _cAL | ||
| 041 | _akan | ||
| 082 | _a859/1110 | ||
| 100 |
_aPRAHLADA RAV (C H) _9146253 _dಪ್ರಹ್ಲಾದ ರಾವ್ (ಸಿಎಚ್) |
||
| 245 |
_aBanje tottilu _bಬಂಜೆ ತೊಟ್ಟಿಲು |
||
| 260 |
_aBengaluru _b- _c1954 |
||
| 690 |
_aKannada Fiction _9146254 |
||
| 906 | _a021856 | ||
| 942 |
_2ddc _cBK |
||
| 999 |
_c145962 _d145962 |
||